Accounting of cryptocurrencies

Analýza právnych základov účtovníctva kryptomeny ako nového fenoménu. Nedostatok všeobecnej regulácie kryptomien a účtovníctva kryptomeny. Návrh, ako sa majú v rámci právnej úpravy účtovníctva zohľadňovať kryptomeny v Slovenskej republike.

Na minha lista:
Detalhes bibliográficos
Autor principal: Matuský, Tomáš
Formato: Capítulo de Livro
Idioma:inglês
Assuntos:
Tags: Adicionar Tag
Sem tags, seja o primeiro a adicionar uma tag!

MARC

LEADER 00000nla a2200000 4500
001 0238479
005 20240502073847.3
041 0 |a eng 
044 |a SK 
245 1 0 |a Accounting of cryptocurrencies  |c Tomáš Matuský 
520 |a Analýza právnych základov účtovníctva kryptomeny ako nového fenoménu. Nedostatok všeobecnej regulácie kryptomien a účtovníctva kryptomeny. Návrh, ako sa majú v rámci právnej úpravy účtovníctva zohľadňovať kryptomeny v Slovenskej republike. 
610 2 0 |a mena virtuálna 
610 2 0 |a účtovníctvo finančné 
610 2 0 |a účtovníctvo 
610 2 0 |a regulácia 
610 2 0 |a regulácia operatívna 
610 2 0 |a Slovensko 
100 1 |a Matuský, Tomáš